Statistiques concernant Personnages de jeux-vidéo en images - T

Cliquez ici pour prendre le quiz!

Statistiques générales

  • Ce quiz a été pris 104 fois
  • Le résultat moyen est 7 sur 15

Statistiques - réponses

Réponse% Correct
Toad
98%
Trevor Philips
84%
Tom Nook
78%
Tails
75%
Tracer
67%
Teemo
56%
Tifa Lockhart
37%
Tetra
30%
Terry Bogard
29%
Toriel
28%
Tcheren
26%
Triss Merigold
21%
Tidus
17%
Theo
8%
Tyrael
8%

Distribution des résultats

Percentile par nombre de réponses

% des personnes avec chaque résultat

Votre développement - résultats

Vous n’avez pas pris ce quiz